| 000 | 00433nam a2200157Ia 4500 | ||
|---|---|---|---|
| 008 | 230312s9999||||xx |||||||||||||| ||und|| | ||
| 020 | _a1-85669-708-8 | ||
| 082 |
_a624 _bHOL-C |
||
| 100 | _aHolden;Robert | ||
| 245 | 0 | _aConstruction For Landscape Architecture | |
| 260 |
_bLaurence King Publishing _aChina _c2011 |
||
| 300 | _a240 | ||
| 546 | _aEng. | ||
| 650 |
_aArchitecture _vConstruction For Landscape Architecture |
||
| 942 | _cBK | ||
| 999 |
_c7429 _d7429 |
||